Catálogo público

Influencia de coberturas vivas y mantillos en el manejo de malezas y la conservación de humedad del suelo en zarzamora (Rubus fruticosus) / Ignacio Pérez Hernández; Asesor José Alfredo Domínguez Valenzuela (Record no. 217247)

MARC details
000 -CABECERA
campo de control de longitud fija 01006nam a2200229Ia 4500
001 - NÚMERO DE CONTROL
campo de control Para_9862
008 - DATOS DE LONGITUD FIJA--INFORMACIÓN GENERAL
campo de control de longitud fija 220602s9999 xx 000 0 und d
090 ## - LOCALMENTE ASIGNADO TIPO-LC NÚMERO DE CLASIFICACIÓN (OCLC); NÚMERO DE CLASIFICACIÓN LOCAL (RLIN)
Número de clasificación (OCLC) (R) ; Numero de clasificación, CALL (RLIN) (NR) PA CD-TESIS 8
100 ## - ENTRADA PRINCIPAL--NOMBRE DE PERSONA
Nombre de persona Pérez Hernández, José
9 (RLIN) 185080
245 ## - MENCIÓN DE TÍTULO
Título Influencia de coberturas vivas y mantillos en el manejo de malezas y la conservación de humedad del suelo en zarzamora (Rubus fruticosus) / Ignacio Pérez Hernández; Asesor José Alfredo Domínguez Valenzuela
260 ## - PUBLICACIÓN, DISTRIBUCIÓN, ETC.
Lugar de publicación, distribución, etc. Chapingo, Méx.: el autor
300 ## - DESCRIPCIÓN FÍSICA
Extensión 1 CD ROM (56 p.)
502 ## - NOTA DE TESIS
Nota de tesis Tesis (Ing. Agr. Esp. en Parasitología Agrícola). UACh.Departamento Parasitología Agrícola
650 ## - PUNTO DE ACCESO ADICIONAL DE MATERIA--TÉRMINO DE MATERIA
Término de materia o nombre geográfico como elemento de entrada Mora \ Malas hierbas - control
9 (RLIN) 185081
700 ## - PUNTO DE ACCESO ADICIONAL--NOMBRE DE PERSONA
Nombre de persona Ignacio Pérez Hernández \ Domínguez Valenzuela, José Alfredo, Asesor
9 (RLIN) 185082
710 ## - PUNTO DE ACCESO ADICIONAL--NOMBRE DE ENTIDAD CORPORATIVA
Nombre de entidad corporativa o nombre de jurisdicción como elemento de entrada UACh Departamento Parasitología Agrícola Ì
9 (RLIN) 185036
901 ## - ELEMENTOS DE DATOS A LOCAL LDA (RLIN)
a PA CD-TESIS 8
902 ## - ELEMENTOS DE DATOS B LOCAL, LDB (RLIN)
a M
905 ## - ELEMENTOS DE DATOS E LOCAL, LDE (RLIN)
a 5232202010 an 8000000300 06
942 ## - ELEMENTOS DE PUNTO DE ACCESO ADICIONAL (KOHA)
Tipo de ítem Koha Tesis_
Holdings
Estado de retiro Estado de pérdida Fuente del sistema de clasificación o colocación Estado dañado Restricciones de uso No para préstamo Código de colección Localización permanente Ubicación/localización actual Ubicación en estantería Fecha de adquisición Total de préstamos Código de barras Fecha visto por última vez Número de copia Precio válido a partir de Tipo de ítem Koha Nota pública
    Clasificación Universidad Autónoma de Chapingo   Préstamo interno   Tesis Parasitologia Agricola Parasitologia Agricola   03/07/2013   PA_09976-2 02/06/2022 2 02/06/2022 Tesis digital 3
    Clasificación Universidad Autónoma de Chapingo   Préstamo interno   Tesis Parasitologia Agricola Parasitologia Agricola   24/06/2013   PA_09976 02/06/2022 1 02/06/2022 Tesis digital 3